<?xml version="1.0" encoding="UTF-8"?>
<record
    xmlns:xsi="http://www.w3.org/2001/XMLSchema-instance"
    xsi:schemaLocation="http://www.loc.gov/MARC21/slim http://www.loc.gov/standards/marcxml/schema/MARC21slim.xsd"
    xmlns="http://www.loc.gov/MARC21/slim">

  <leader>01475nam a22003137a 4500</leader>
  <controlfield tag="003">DO-SdBNP</controlfield>
  <controlfield tag="005">20210928141401.0</controlfield>
  <controlfield tag="007">ta</controlfield>
  <controlfield tag="008">210412e2016    dr aob|fr ||| 001 edspa d</controlfield>
  <datafield tag="040" ind1=" " ind2=" ">
    <subfield code="a">DO-SdBNP</subfield>
    <subfield code="b">spa</subfield>
    <subfield code="c">BNPHU</subfield>
  </datafield>
  <datafield tag="041" ind1=" " ind2=" ">
    <subfield code="h">spa</subfield>
  </datafield>
  <datafield tag="082" ind1=" " ind2="4">
    <subfield code="b">H694g</subfield>
    <subfield code="2">22</subfield>
  </datafield>
  <datafield tag="100" ind1="1" ind2=" ">
    <subfield code="a">Hoepelman, Virgilio A.</subfield>
    <subfield code="9">78361</subfield>
  </datafield>
  <datafield tag="245" ind1="1" ind2="3">
    <subfield code="a">Gu&#xED;a de arquitectura San Pedro de Macor&#xED;s :</subfield>
    <subfield code="b">serie 023 /</subfield>
    <subfield code="c">Melisa Vargas, ed.; Yin Lai Trinidad, fotogr.</subfield>
  </datafield>
  <datafield tag="260" ind1=" " ind2=" ">
    <subfield code="a">[Santo Domingo] :</subfield>
    <subfield code="b">Cooperaci&#xF3;n Espa&#xF1;ola ,</subfield>
    <subfield code="c">2018</subfield>
  </datafield>
  <datafield tag="300" ind1=" " ind2=" ">
    <subfield code="a">83 p. :</subfield>
    <subfield code="b">il., fotogr., retr., mapas ,</subfield>
    <subfield code="c">25 cm.</subfield>
  </datafield>
  <datafield tag="500" ind1=" " ind2=" ">
    <subfield code="a">Incluye datos biogr&#xE1;ficos de los autores.</subfield>
  </datafield>
  <datafield tag="504" ind1=" " ind2=" ">
    <subfield code="a">Incluye bibliograf&#xED;a: p. 82.</subfield>
  </datafield>
  <datafield tag="505" ind1="0" ind2="0">
    <subfield code="a">Apuntes sobre esta edici&#xF3;n.--  Ciudad con el mar por dentro.</subfield>
  </datafield>
  <datafield tag="505" ind1="0" ind2="0">
    <subfield code="a">Presencia de los estilos en San Pedro de Macor&#xED;s.--</subfield>
    <subfield code="t">Edificios de uso comercial.--</subfield>
    <subfield code="t">Edificios de uso mixto.--</subfield>
    <subfield code="t">Edificios de uso residencial.--</subfield>
    <subfield code="t">Edificios de uso institucional.--</subfield>
  </datafield>
  <datafield tag="505" ind1="0" ind2="0">
    <subfield code="a">Arquitectura industrial :</subfield>
    <subfield code="t">Infraestructura.--</subfield>
    <subfield code="t">Expansi&#xF3;n urbana y tipol&#xF3;gicas arquitect&#xF3;nicas.</subfield>
    <subfield code="t">Villa Vel&#xE1;squez.--</subfield>
    <subfield code="t">Mira Mar y Parra Alba.--</subfield>
    <subfield code="t">La Aurora.--</subfield>
  </datafield>
  <datafield tag="505" ind1="0" ind2="0">
    <subfield code="a">Constructores de San Pedro de Macor&#xED;s.--</subfield>
  </datafield>
  <datafield tag="505" ind1="0" ind2="0">
    <subfield code="a">Bibliograf&#xED;a.--  
Fuentes de las fotograf&#xED;as.--</subfield>
  </datafield>
  <datafield tag="590" ind1=" " ind2=" ">
    <subfield code="a">Inventariado 2021 / MF</subfield>
  </datafield>
  <datafield tag="700" ind1="1" ind2="2">
    <subfield code="a">Vargas, Melisa,</subfield>
    <subfield code="e">ed.</subfield>
    <subfield code="9">78362</subfield>
  </datafield>
  <datafield tag="700" ind1="1" ind2="2">
    <subfield code="a">Trinidad,  Yin Lai, </subfield>
    <subfield code="e">fot.</subfield>
    <subfield code="9">80062</subfield>
  </datafield>
  <datafield tag="710" ind1=" " ind2=" ">
    <subfield code="a">Agencia de Cooperacion Intenacional para el Desarrollo (AECID)</subfield>
    <subfield code="9">78363</subfield>
  </datafield>
  <datafield tag="942" ind1=" " ind2=" ">
    <subfield code="2">ddc</subfield>
    <subfield code="c">LBS1</subfield>
  </datafield>
  <datafield tag="952" ind1=" " ind2=" ">
    <subfield code="0">0</subfield>
    <subfield code="1">0</subfield>
    <subfield code="2">ddc</subfield>
    <subfield code="7">1</subfield>
    <subfield code="8">PD</subfield>
    <subfield code="a">BNPHU</subfield>
    <subfield code="b">PD</subfield>
    <subfield code="c">HD</subfield>
    <subfield code="d">2020-01-15</subfield>
    <subfield code="e">Donado por Cooperaci&#xF3;n Espa&#xF1;ola</subfield>
    <subfield code="l">0</subfield>
    <subfield code="o">H694g</subfield>
    <subfield code="p">2021-1377</subfield>
    <subfield code="r">2021-04-12</subfield>
    <subfield code="w">2021-04-12</subfield>
    <subfield code="y">LFPD</subfield>
  </datafield>
  <datafield tag="952" ind1=" " ind2=" ">
    <subfield code="0">0</subfield>
    <subfield code="1">0</subfield>
    <subfield code="2">ddc</subfield>
    <subfield code="7">1</subfield>
    <subfield code="8">PD</subfield>
    <subfield code="a">BNPHU</subfield>
    <subfield code="b">PD</subfield>
    <subfield code="c">HD</subfield>
    <subfield code="d">2020-01-15</subfield>
    <subfield code="e">Donado por Cooperaci&#xF3;n Espa&#xF1;ola</subfield>
    <subfield code="l">0</subfield>
    <subfield code="o">H694g</subfield>
    <subfield code="p">2021-1378</subfield>
    <subfield code="r">2021-04-12</subfield>
    <subfield code="t">e.2</subfield>
    <subfield code="w">2021-04-12</subfield>
    <subfield code="y">LFPD</subfield>
  </datafield>
  <datafield tag="999" ind1=" " ind2=" ">
    <subfield code="c">49718</subfield>
    <subfield code="d">49718</subfield>
  </datafield>
</record>
